000 00486nam a2200181Ia 4500
001 8702
005 20260306160629.0
008 260306t2014||||xx |||||||||||||| ||spa||
041 _aESP
082 _a371.3
_bG69
100 _aGonzález, Antonio
_eAUT
245 0 _aTécnicas de estudio para adolescentes:
_bcómo superarte en secundaria, bachillerato y ciclos
260 _c2014
300 _a168 páginas :
_c21 cm.
650 _aGEN
654 _aCED
942 _cLIB
_dJUS
_fJUS
_2ddc
_n
999 _c8702
_d8702